00542 2200181 4500001002100000005001500021035002000036245009500056100001900151300003000170856003100200700003100231260004600262082000800308084001400316020001800330600001200348INLIS00000000000276720210928120905 a0010-09210001131 aPterocarpus macrocarpus :bGenetics, Seed Biology and Nursery Production /cJames F. Coles0 aJames F. Coles a... :bIlustrasi ;c28 cm aPerpustakaan umum makassar0 aEditor ; Timothy J.B. Boya aBogor ; :bSMT Grafika Desa Putera,c1999 a634 a634 JAM p a979-8764-31-5 4aBiologi